Normal view
MARC view
Entry Personal Name
001 - CONTROL NUMBER
- control field: 1182742
003 - CONTROL NUMBER IDENTIFIER
- control field: OSt
005 - DATE AND TIME OF LATEST TRANSACTION
- control field: 20260324130706.0
008 - FIXED-LENGTH DATA ELEMENTS
- fixed length control field: 260324|| aca||aabn | a|a d
040 ## - CATALOGING SOURCE
- Original cataloging agency: OSt
- Transcribing agency: OSt
100 ## - HEADING--PERSONAL NAME
- Personal name: Harry T. Dimitriou; Robin Thompson
670 ## - SOURCE DATA FOUND
- Source citation: Work cat.: (OSt)1779126: Harry T. Dimitriou; Robin Thompson, Strategic Planning for Regional Development in the UK
